00000000nam 2200000za 4500
0019.573246
003CaOODSP
00520210624183618
007cr |||||||||||
008150406|2005||||xxc|||||o    f|0| 0 eng d
040 |aCaOODSP|beng
043 |an-cn---
0861 |aBT31-4/47-2005E-PDF
1101 |aCanada. |bTreasury Board.
24510|aNAFTA Secretariat, departmental performance report for the period ending March 31, 2005 |h[electronic resource]
2461 |iVariant title : |aNAFTA Secretariat, Secrétariat de l'ALÉNA, Secretariado del TLCAN - departmental performance report for the period ending March 31, 2005
260 |aOttawa - Ontario : |bTreasury Board of Canada Secretariat |c[2005].
300 |a23p.|borganization chart, tables
4901 |aPerformance report for the period ending March 31, 2005
500 |a"This report highlights the work of the Canadian Section of the NAFTA Secretariat" -- p.3 of 23.
590 |a12-06-Supp|b2012-03-07
7102 |aNAFTA Secretariat. |bCanadian Section.
77508|tSecrétariat de l'ALÉNA - rapport ministériel sur le rendement, période se terminant le 31 mars 2005 |w(CaOODSP)9.603455
7760#|tNAFTA Secretariat, Canadian Section |w(CaOODSP)9.541826
7760#|tSecrétariat de l'ALÉNA, section canadienne |w(CaOODSP)9.541827
830#0|aPerformance report for the period ending March 31, 2005.|w(CaOODSP)9.506266
85640|ahttp://publications.gc.ca|qPDF|s206 KB|uhttps://publications.gc.ca/collections/collection_2012/sct-tbs/BT31-4-47-2005-eng.pdf